000 00258nam a2200097Ia 4500
001 958923
005 20250826215913.0
008 250824s9999 xx 000 0 und d
245 0 _aDOĞU BATI ARASINDA İSLAM
_cALİYA İZZETBEGOVİÇ
260 _bKETEBE YAYINLARI
999 _c958923
_d958923